Normal view
MARC view
Entry Personal Name
001 - CONTROL NUMBER
- control field: 7134
003 - CONTROL NUMBER IDENTIFIER
- control field: dpl
005 - DATE AND TIME OF LATEST TRANSACTION
- control field: 20100805154951.0
008 - FIXED-LENGTH DATA ELEMENTS
- fixed length control field: 100805|||a|||||| | ||| d
040 ## - CATALOGING SOURCE
- Original cataloging agency: dpl
- Transcribing agency: dpl
100 ## - HEADING--PERSONAL NAME
- Personal name: Panday, Daulat
670 ## - SOURCE DATA FOUND
- Source citation: Work cat.: (dpl)39473: Panday, Daulat, Tales of India /, 2008
670 ## - SOURCE DATA FOUND
- Source citation: Work cat.: (dpl)39473: Panday, Daulat, Tales of India /, 2008
